Statistics for World Capitals By Letter - A

Click here to take the quiz!

General Stats

  • This quiz has been taken 37,528 times
    (12,551 since last reset)
  • The average score is 10 of 15

Answer Stats

Country Capital City % Correct
NetherlandsAmsterdam
83%
ParaguayAsunciĆ³n
81%
TurkeyAnkara
78%
GreeceAthens
78%
AndorraAndorra la Vella
77%
AlgeriaAlgiers
76%
EthiopiaAddis Ababa
71%
GhanaAccra
68%
NigeriaAbuja
67%
JordanAmman
66%
MadagascarAntananarivo
63%
SamoaApia
59%
United Arab EmiratesAbu Dhabi
55%
TurkmenistanAshgabat
55%
EritreaAsmara
49%

Score Distribution

Percentile by Number Answered

Percent of People with Each Score

Your Score History

You have not taken this quiz since the last reset